Dynamická analýza kmitania hriadeľa pružného rotora

Saved in:
Bibliographic Details
Main Author: Moťovský, Michal, 1988- (Author)
Other Authors: Musil, Miloš, 1962- (Thesis advisor)
Format: Manuscript Book
Language:Slovak
Published: Bratislava : STU v Bratislave SjF, 2012
Subjects:
Online Access:VAIS
Tags: Add Tag
No Tags, Be the first to tag this record!

MARC

LEADER 00000ntm a22000003a 4500
001 stu263854
005 20150617230219.7
008 130312s2012----xo------------------slo-d
040 |a STU  |b slo 
041 0 |a slo 
044 |a xo 
100 1 |a Moťovský, Michal,  |d 1988-  |4 aut  |u J0030  |U SjF Strojnícka fakulta  |T SjF Ústav dopravnej techniky a konštruovania  |X 49416  |U J0030  |Y 806  |7 A000049416 
242 0 0 |a Dynamic analysis of shaft vibration of flexible rotor  |y eng 
245 1 |a Dynamická analýza kmitania hriadeľa pružného rotora 
260 |a Bratislava :  |b STU v Bratislave SjF,  |c 2012 
650 7 |a aplikovaná mechanika  |2 stusub 
650 7 |a Applied Mechanics  |2 estusub 
650 7 |a cohesion  |2 estusub 
700 1 |a Musil, Miloš,  |d 1962-  |4 ths  |u J0010  |U SjF Strojnícka fakulta  |T SjF Ústav aplikovanej mechaniky a mechatroniky  |X 2301  |U J0010  |Y 801  |7 A000002301 
856 4 |a info a plný text  |u http://is.stuba.sk/zp/portal_zp.pl?podrobnosti=85143  |3 VAIS